000 00415nam a22001817a 4500
005 20221124122654.0
008 160118b xxu||||| |||| 00| 0 eng d
040 _aLoreto College
041 _aEnglish
082 _a954.14
_bCHA
245 _aStudies In Bengal Renaissa
300 _a618p.
500 _aIndex
650 _aSouth Asia India
700 _4ed.
_aChakraborty
850 _aLCLIB
942 _cBK
999 _c40319
_d90798